000 00340nam a22001457a 4500
008 230324b ||||| |||| 00| 0 eng d
020 _a9781405187923
041 _aeng
080 _a338
082 _a338PED
100 _a23
101 _aMENAXHMENT
245 _aCOMPARATIVE HEALTH INFORMATION MANAGEMENT
_cPEDEN.H.A
942 _2udc
_cBK
999 _c59445
_d59445